Puss in Boots / (Record no. 3268)

MARC details
000 -LEADER
fixed length control field 00751nam a22002417a 4500
001 - CONTROL NUMBER
control field 3268
003 - CONTROL NUMBER IDENTIFIER
control field FISKH
005 - DATE AND TIME OF LATEST TRANSACTION
control field 20240222150902.0
008 - FIXED-LENGTH DATA ELEMENTS--GENERAL INFORMATION
fixed length control field 240222b cb ||||| |||| 00| 0 eng d
040 ## - CATALOGING SOURCE
Original cataloging agency FISK
Language of cataloging eng
Transcribing agency FISK
Modifying agency FISK
050 ## - LIBRARY OF CONGRESS CALL NUMBER
Classification number PZ8.P426
082 ## - DEWEY DECIMAL CLASSIFICATION NUMBER
Classification number 398.2
100 ## - MAIN ENTRY--PERSONAL NAME
Personal name Perrault Charles
Dates associated with a name 1628-1703
245 ## - TITLE STATEMENT
Title Puss in Boots /
Statement of responsibility, etc. by Charles Perrault
260 ## - PUBLICATION, DISTRIBUTION, ETC.
Place of publication, distribution, etc. New York :
Name of publisher, distributor, etc. Farrar Straus Giroux,
Date of publication, distribution, etc. 1990
300 ## - PHYSICAL DESCRIPTION
Extent 28 unnumbered pages :
Other physical details illustrations :
Dimensions 28 cm
505 ## - FORMATTED CONTENTS NOTE
Formatted contents note S
520 ## - SUMMARY, ETC.
Summary, etc. A retelling of the French fairy tale in which a clever cat wins his master a fortune and the hand of a princess.
521 8# - TARGET AUDIENCE NOTE
Target audience note 790 <br/> <br/><br/>
Source Lexile
521 8# - TARGET AUDIENCE NOTE
Target audience note S
Source Raz-Plus
700 ## - ADDED ENTRY--PERSONAL NAME
Personal name Charles Perrault
942 ## - ADDED ENTRY ELEMENTS (KOHA)
Source of classification or shelving scheme Dewey Decimal Classification
Koha item type Books
Suppress in OPAC No
Holdings
Withdrawn status Lost status Source of classification or shelving scheme Damaged status Not for loan Collection Home library Current library Shelving location Date acquired Total Checkouts Full call number Barcode Date last seen Copy number Price effective from Koha item type
    Dewey Decimal Classification     Fiction Footprints International School Library Network Toul Kork Campus Footprints International School Library Network Toul Kork Campus A TK Campus, 4th Floor, Room B401, Fiction Bookcases (1-6) 02/22/2024   PER 398.2 PZ8.P426 2024-0099 02/22/2024 1 02/22/2024 Books